Ortografia dinámica
Sábháilte in:
| Príomhchruthaitheoir: | |
|---|---|
| Formáid: | LEABHAR |
| Teanga: | Spáinnis |
| Foilsithe / Cruthaithe: |
Santiago
Madrigal
1994
|
| Ábhair: | |
| Clibeanna: |
Cuir clib leis
Níl clibeanna ann, Bí ar an gcéad duine le clib a chur leis an taifead seo!
|
MARC
| LEADER | 00000nam a2200000 a 4500 | ||
|---|---|---|---|
| 001 | UCH7277 | ||
| 003 | CL-VaPUC | ||
| 008 | 091109e19940000CL |||||||||||||||||spa|d | ||
| 082 | 0 | 4 | |a 461 |b PAC |2 21 |
| 100 | |a Pacheco C., Alipio |e autor |9 543701 | ||
| 245 | 1 | 0 | |a Ortografia dinámica |
| 300 | |a 188 p | ||
| 942 | |c BK | ||
| 945 | |d 20091109 00:00:00 |a ccalabra | ||
| 260 | |a Santiago |b Madrigal |c 1994 | ||
| 650 | 0 | |a Educación |9 258661 | |
| 650 | 7 | |a CASTELLANO |2 CL-VaPUC |9 346426 | |
| 650 | 0 | |a Gramática española |9 403055 | |
| 650 | 0 | |a Lingüística |9 265068 | |
| 650 | 0 | |a Expresión escrita |9 334816 | |
| 650 | 0 | |a Redacción de textos |9 446760 | |
| 650 | 0 | |a Ejercicios de escritura |9 346986 | |
| 583 | |a last modification |c 20091109 00:00:00 |k Rodrigo Vera | ||
| 999 | |c 337935 |d 337933 | ||